Návrh recyklačného centra na zhodnocovanie odpadov a DS

Gespeichert in:
Bibliographische Detailangaben
1. Verfasser: Breza, Michal, 1986- (Verfasst von)
Weitere Verfasser: Škultétyová, Ivona, 1960- (Betreuung Doktorarbeit)
Format: Manuskript Buch
Sprache:Slowakisch
Veröffentlicht: Bratislava : STU v Bratislave SvF, 2011
Schlagworte:
Online-Zugang:VAIS
Tags: Tag hinzufügen
Keine Tags, Fügen Sie das erste Tag hinzu!

MARC

LEADER 00000ntm a22000003a 4500
001 stu230314
005 20150617230137.2
008 110708s2011----xo------------------slo-d
040 |a STU  |b slo 
041 0 |a slo 
044 |a xo 
100 1 |a Breza, Michal,  |d 1986-  |4 aut  |u V  |T SvF Stavebná fakulta  |X 39213  |U V  |Y 10  |7 A000039213 
242 0 0 |a Proposal for the recycling center for waste recovery and secondary raw materials  |y eng 
245 1 |a Návrh recyklačného centra na zhodnocovanie odpadov a DS 
260 |a Bratislava :  |b STU v Bratislave SvF,  |c 2011 
650 7 |a vodné stavby a vodné hospodárstvo  |2 stusub 
650 7 |a Hydraulic and Water Resources Engineering  |2 estusub 
650 7 |a waste  |2 estusub 
650 7 |a reduction  |2 estusub 
650 7 |a recovery  |2 estusub 
650 7 |a redukcia  |2 stusub 
650 7 |a zhodnocovanie  |2 stusub 
650 7 |a odpad  |2 stusub 
700 1 |a Škultétyová, Ivona,  |d 1960-  |4 ths  |u V280  |U SvF Stavebná fakulta  |T SvF Katedra zdravotného inžinierstva  |X 2732  |U V280  |Y 29  |7 A000002732 
856 4 |a info a plný text  |u http://is.stuba.sk/zp/portal_zp.pl?podrobnosti=68844  |3 VAIS